| 000 | 00612nam a2200217 a 4500 | ||
|---|---|---|---|
| 001 | BRL_847 | ||
| 005 | 20190320210925.0 | ||
| 008 | 181013s1924----au-a######---#000-0#ger-# | ||
| 041 | _ager | ||
| 044 | _aau | ||
| 050 | 4 |
_aN6806 _b.L45 1924 |
|
| 100 | 1 |
_aLeisching, Julius _925120 |
|
| 245 | 1 | 0 |
_aDie kunst im handwerk österreichs _bMit 60 Abbildungen _cvon Julius Leisching. |
| 260 |
_aWien _bÖsterreichischer Schulbücherverlag _c1924 |
||
| 300 |
_a208 p. _bil. _c23 cm. |
||
| 440 | 0 |
_aDeutsche Hausbücherei _925121 |
|
| 500 | _aAu979 | ||
| 650 | 1 | 4 |
_aArte _zAustría _925122 |
| 902 | _aGRL | ||
| 942 |
_2lcc _cB |
||
| 999 |
_c9659 _d9659 |
||